00264nam a22000857a 450000500170000000800410001702200140005824500680007226000380014020181224154700.0181224b xxu||||| |||| 00| 0 eng d a2249-0191 aInternational Journal of Management and Social Sciences (IJMSS) aNew DelhibSpeak Foundationc2018